000
00299nam a2200121Ia 4500
008
190216s9999||||xx |||||||||||||| ||und||
100
_a
Raisingh Ania. M.D
245
0
_a
Fluid Dynamics With Complete Hydro Dynamics
260
_b
S Chand & Co
300
_a
996
650
_a
Mathematics
942
_c
BK
999
_c
31906
_d
31906